They say that I am two : poems /
Gorde:
| Egile nagusia: | |
|---|---|
| Formatua: | Baliabide elektronikoa eBook |
| Hizkuntza: | ingelesa |
| Argitaratua: |
Houston, Texas :
Arte Público Press,
[1997]
|
| Gaiak: | |
| Sarrera elektronikoa: | Digitalia Hispánica |
| Etiketak: |
Etiketa erantsi
Etiketarik gabe, Izan zaitez lehena erregistro honi etiketa jartzen!
|
MARC
| LEADER | 00000nam a2200000Ii 4500 | ||
|---|---|---|---|
| 001 | DIGARTEP0354 | ||
| 003 | NyNyDIG | ||
| 006 | m o d | ||
| 007 | cr ||||||||||| | ||
| 008 | 220630s1997 txu o 000 p eng d | ||
| 035 | |a (OCoLC)1229432752 | ||
| 040 | |a DGITA |b eng |e rda |e pn |c DGITA | ||
| 020 | |a 9781518502255 |q pdf | ||
| 020 | |a 9781518503221 |q ePub | ||
| 020 | |z 9781558851962 |q alk. paper | ||
| 050 | 1 | 4 | |a PS3572.I386 ebook |
| 082 | 0 | 4 | |a 811.54 |
| 100 | 1 | |a Villatoro, Marcos McPeek, |e author. | |
| 245 | 1 | 0 | |a They say that I am two : |b poems / |c by Marcos McPeek Villatoro. |
| 264 | 1 | |a Houston, Texas : |b Arte Público Press, |c [1997] | |
| 300 | |a 1 online resource. | ||
| 336 | |a text |b txt |2 rdacontent | ||
| 337 | |a computer |b c |2 rdamedia | ||
| 338 | |a online resource |b cr |2 rdacarrier | ||
| 347 | |a text file |2 rdaft | ||
| 347 | |b PDF | ||
| 347 | |b EPUB | ||
| 588 | 0 | |a Online resource; title from PDF title page (Digitalia, viewed June 30, 2022) | |
| 655 | 7 | |a Poetry. |2 lcgft | |
| 655 | 0 | |a Electronic books. | |
| 791 | 2 | |a Digitalia (Firm), |e distributor. | |
| 793 | 0 | |g Digitalia eBook Collection: |a Arte Publico Press | |
| 776 | 0 | 8 | |i Print version: |a Villatoro, Marcos McPeek. |t They say that I am two. |d Houston, Texas : Arte Público Press, 1997 |z 9781558851962 |
| 856 | 4 | 0 | |3 Digitalia Hispánica |u https://digitalia.unach.elogim.com/a/47286/ |
| 910 | |a Premium collection: 2022 | ||